01618cam a22003615i 4500999001700000003000900017005001700026008004100043020001800084040004300102082002300145100003800168245012100206264009000327264001000417300004000427336002600467336003300493337002800526337002300554338002700577338003100604501002700635590001000662650007900672650006800751653002300819655002400842700003800866942001200904952016800916952017201084 c18320d18292EG-ScBUE20201125063850.0140626t20132013enka f 000 0 eng d a9781133318941 aEG-ScBUEbengerdacEG-ScBUEdEG-ScBUE04a428.24076bHAR2221 aHarrison, L.‏q(Louis)eauthor.10aBridge to IELTS.pPre-intermediate-intermediate band 3.5 to 4.5.pStudent's book /cLouis Harrison, Susan Hutchison. 1aHampshire, United Kingdom :bNational Geographic Learning / Cengage Learning,c[2013] 4cc2013 a144 pages :billustrations ;c28 cm atextbtxt2rdacontent aspoken wordbspw2rdacontent aunmediatedbn2rdamedia aaudiobs2rdamedia avolumebnc2rdacarrier aaudio discbsd2rdacarrier aWith: Class audio CDs. aeman  7aInternational English Language Testing SystemvStudy guides.2BUEsh936012 7aEnglish language xStudy and teachingxForeign speakers.2BUEsh cJune2014bHHUUEENN vReading book9342321 aHutchison, Susan,eauthor.936015 2ddccBB 00102ddc40708BaccahaMAINbMAINc2NDd2014-06-26ePurchaseg235.00h19900l1o428.24076 HARp000036015r2025-07-15 00:00:00s2017-03-26v293.75w2014-06-26yBB 00102ddc40708BaccahaMAINbMAINc2NDd2014-07-10ePurchaseg300.00h19833l0o428.24076 HARp000036058r2022-08-24 00:00:00v375.00w2014-07-10yCDVDNz2 audio CDs